Georgetown Journal of Legal Ethics

Bibliographic Details
Format: eBook
Language:English
Published: Washington DC: Georgetown University Law Center, 2021 -
Subjects:
Online Access:Acceso restringido

MARC

LEADER 00000nam a22000007a 4500
005 20220907001333.0
007 cr|||| ||||
008 220907c20219999us ar|w s|||| 0|||b1eng d
035 |a 37067 
040 |a vLex 
090 |c 13878  |d 13878 
245 0 0 |a Georgetown Journal of Legal Ethics  |h [Recurso electrn̤ico] / 
256 |a Servicio en ln̕ea 
260 |a Washington DC:  |b Georgetown University Law Center,  |c 2021 - 
300 |a 1 recurso electrn̤ico 
310 |a Anual 
506 1 |a Disponible solo en los productos indicados  |d vLex Global  |d vLex Global (Academic Edition, excluding Law Schools)  |d vLex Global (Academic Edition, Law Schools) 
650 0 4 |a Derecho Civil  |z Estados Unidos 
740 0 |a vLex Revistas (Servicio en ln̕ea) 
856 4 0 |u https://app.vlex.com/#/sources/37067  |z Acceso restringido 
942 |c REV 
999 0 |a Civil Law